000 00269nam a2200097Ia 4500
001 989681
005 20250826221201.0
008 250824s9999 xx 000 0 und d
245 0 _aKRAL ŞAKİR/ANLATSAM FİLM OLUR/T1
_cHALUK CAN DİZDAROĞLU
260 _bİKİ A YAYINCILIK
999 _c989681
_d989681